000 00400nam a2200169Ia 4500
003 GCL
008 140319s9999 xx 000 0 eng d
040 _aGCL /
_cGCL
082 0 4 _a722.2
_bS E
100 1 _aGANIVAL
245 1 0 _aEGYPT /
_cGANIVAL
260 _a[S.N] :
_bBENEDIKT TASCHEN
300 _a192 P
490 _aARCHITECTURE OF THE WORLD
_v0
650 0 4 _aARCHITECTURE
942 _2ddc
_cBK
999 _c22275
_d22275